25 maiores estrelas do pop do século 21, pela Billboard - Statistics

Estatísticas Gerais
  • Esse quiz foi jogado 145 vezes
  • A pontuação média é 19 de 25
Estatísticas das Respostas
Posição Dica Artista % Correto
8 Ídolo adolescente descoberto no YouTube, conhecido por Baby e seu estilo R&B/pop Justin Bieber
98%
3 Empresária bilionária, conhecida por hits como Umbrella e sua marca de beleza Fenty. Rihanna
97%
1 Rainha do Pop e do R&B, conhecida por seu álbum visual icônico e apresentações lendárias no Super Bowl e Coachella. A maior indicada e vencedora de Grammys, totalizando 32 vitórias e 99 indicações, até o momento. Dona de hits como Diva, Crazy in love, Halo, Deja vu e Single Ladies (Put a ring on it). Beyoncé
96%
5 Ícone excêntrica, conhecida por Bad Romance e sua atuação premiada em Nasce Uma Estrela. Lady Gaga
96%
16 Marido de Beyoncé e magnata da música, conhecido por Empire State of Mind e seu selo Roc Nation. Jay-z
95%
17 Colombiana com os quadris mais famosos do mundo, conhecida por Hips Don’t Lie. Shakira
93%
9 Vocalista poderosa com alcance impressionante, famosa por 7 rings e seu rabo de cavalo alto. Conhecido por atuar na Nickelodeon, em Victorious e Sam & Cat, e sua mais recente atuação em Wicked, após lançar seu sétimo album de estúdio, Eternal Sunshine. Ariana Grande
90%
6 A 'Princesa do Pop' dos anos 2000, responsável por hits como Toxic e uma recente batalha pela liberdade pessoal. Britney Spears
89%
20 Artista multifacetado, mestre em criar sucessos como Uptown Funk e 24K Magic. Bruno Mars
85%
22 Boyband britânica que dominou os anos 2010 com hits como What Makes You Beautiful. Formada por Harry Styles, Zayn Malik, Liam Payne, NIall Horan e Louis Tomlinson. One direction
85%
12 O 'Rap God', conhecido por letras rápidas, Lose Yourself e o alter ego Slim Shady. Eminem
83%
2 Mestre em narrativas emocionais, começou no country e dominou o pop com regravações de seus próprios álbuns. Taylor Swift
83%
24 Mestre das baladas românticas, famoso por Shape of You e seu estilo humilde. Ed Sheeran
82%
25 Popstar colorida, famosa por Roar e seus visuais extravagantes Katy Perry
81%
15 De estrela da Disney a ícone pop rebelde, conhecida por Wrecking Ball e seu estilo camaleônico. Miley Cyrus
81%
19 Boyband sul-coreana que conquistou o mundo com mensagens de amor próprio e performances impecáveis. BTS
76%
4 O rapper que não sai das paradas, famoso por Hotline Bling e sua conexão com o Toronto Raptors. Drake
75%
10 Dona de uma voz inconfundível, vencedora de múltiplos Grammys por álbuns como 21 e 30. Adele
68%
7 Gênio controverso, conhecido por sua visão musical inovadora e linhas de tênis Yeezy. Kanye West
64%
18 Astro do R&B/pop, famoso por Blinding Lights e seu show no intervalo do Super Bowl The weeknd
64%
13 Rainha do rap com um toque teatral, conhecida por Super Bass e suas colaborações icônicas Nicki Minaj
57%
11 Veterano do R&B, lançou hits como Yeah! e revelou talentos como Justin Bieber. Usher
56%
14 De boyband a solo, famoso por Cry Me a River e sua performance no intervalo do Super Bowl. Justin Timberlake
55%
23 Revolucionário do reggaeton, cantando sobre temas sociais e colaborando com grandes nomes globais Bad Bunny
42%
21 Lenda do rap, influenciador de gerações, famoso por Lollipop e mixtapes clássicas. Lil Wayne
32%
Nenhum quiz correspondente encontrado
Distribuição das Pontuações
Porcentagem de Pessoas com Cada Pontuação
Percentil de Números Respondidos
Sua Pontuação Histórica
Você não jogou esse quiz